| 000 | 01725nam0a2200337 i 4500 | ||
|---|---|---|---|
| 001 | RU\NLR\bibl\2052683 | ||
| 005 | 20260406003629.0 | ||
| 010 | _a9785788213705 | ||
| 021 |
_aRU _b2013-47289 _93280 |
||
| 035 | _a(NLR Aleph) 002039678 | ||
| 090 |
_a4589959 _c4589959 |
||
| 100 | _a20130711d2013 u||y0rusy50 ca | ||
| 101 | 0 | _arus | |
| 102 | _aRU | ||
| 105 | _aac j|||001yy | ||
| 200 | 1 |
_aИстория искусства XVII века _eучебное пособие _e[дя студентов направления подготовки "Дизайн"] _fС.А. Муртазина, В.В. Хамматова _gМ-во образования и науки России, Федер. гос. бюджет. образоват. учреждение высш. проф. образования "Казан. нац. иссед. технол. ун-т" |
|
| 210 |
_aКазань _cИзд-во КНИТУ _d2013 |
||
| 215 |
_a115 с. _cцв. ил., портр. _d20 |
||
| 320 | _aБиблиогр.: с. 78 (8 назв.) | ||
| 606 | 1 |
_aИскусство _jУчебные издания _yЕвропа Западная _z17 в. _91588460 _3RU\NLR\AUTH\66697871 |
|
| 606 |
_aБарокко _jУчебные издания _xв искусстве _yЕвропа Западная _92241828 _3RU\NLR\AUTH\6601576478 |
||
| 686 | 1 | _aЩ03(0)4я7 | |
| 686 | 1 | _aЩ03(0)4-211я7 | |
| 700 | 1 |
_aМуртазина _bС. А. _gСветлана Альбертовна _4070 |
|
| 701 | 1 |
_4070 _7ca _8rus _aХамматова _bВ. В. _gВенера Василовна _996075 _3RU\NLR\AUTH\77113150 |
|
| 801 | 0 |
_aRU _bNLR _c20130711 _gRCR |
|
| 801 | 1 |
_aRU _bNLR _c20130711 |
|
| 942 | _cBOOK | ||
| 980 | _aNBR | ||